[Event "XXVII. Rhein-Main-Open, Gruppe A"]
[Site "Bad Homburg vor der Höhe"]
[Date "2025.06.19"]
[Round "3.12"]
[White "Lesny, Florian"]
[Black "Calvi, Stefan"]
[Result "1-0"]
[WhiteElo "2230"]
[BlackElo "1968"]
[PlyCount "93"]
[GameId "535116227094"]
[EventDate "2025.06.18"]
[WhiteTeam "SF Hünstetten"]
[BlackTeam "SV Oberursel"]

1. e4 c5 2. Nf3 Nc6 3. d4 cxd4 4. Nxd4 e5 5. Nb5 d6 6. N1c3 a6 7. Na3 Be7 8. Nc4 b5 9. Ne3 Nf6 10. Bd3 O-O 11. O-O Nb4 12. Be2 Be6 13. a3 Nc6 14. Ned5 Nd4 15. Bd3 Nd7 16. Nxe7+ Qxe7 17. Nd5 Bxd5 18. exd5 Nc5 19. Be3 Rac8 20. Bxd4 exd4 21. Bf5 Rc7 22. Qxd4 Qg5 23. Bd3 Re8 24. Rfe1 Rce7 25. Rxe7 Qxe7 26. Bf1 Qe5 27. Qxe5 Rxe5 28. c4 bxc4 29. Bxc4 Re4 30. Rc1 a5 31. Kf1 g5 32. f3 Re7 33. b4 axb4 34. axb4 Nd7 35. Kf2 Nb6 36. Bb3 Re5 37. Re1 f6 38. Rxe5 fxe5 39. Kg3 Kg7 40. Kg4 Kg6 41. Bc2+ Kf6 42. Bxh7 Nxd5 43. b5 Nb6 44. Bd3 d5 45. g3 Na4 46. Bc2 Nc5 47. b6 1-0

[Event "XXVII. Rhein-Main-Open, Gruppe A"]
[Site "Bad Homburg vor der Höhe"]
[Date "2025.06.19"]
[Round "3.13"]
[White "Pradeep, Harshill"]
[Black "Solonar, Stefan"]
[Result "1/2-1/2"]
[WhiteElo "1936"]
[BlackElo "2265"]
[PlyCount "88"]
[GameId "535116227095"]
[EventDate "2025.06.18"]
[WhiteTeam "SK Bickenbach"]
[BlackTeam "SC Heusenstamm"]

1. e4 c5 2. Nf3 Nc6 3. Bb5 d6 4. O-O Bd7 5. Re1 a6 6. Bxc6 Bxc6 7. d4 cxd4 8. Nxd4 Nf6 9. Bg5 e6 10. Nc3 Be7 11. Bxf6 Bxf6 12. Nd5 Rc8 13. c3 O-O 14. Nxf6+ Qxf6 15. Nxc6 Rxc6 16. Qg4 Rb6 17. Re2 Rc8 18. Rd1 g6 19. Qg3 Rcc6 20. h3 h5 21. a4 h4 22. Qe3 Kg7 23. f4 a5 24. Red2 Qe7 25. Qf2 Qf6 26. Qe3 Qe7 27. Qf2 Qf6 28. e5 dxe5 29. fxe5 Qxf2+ 30. Rxf2 Rc7 31. Rd4 g5 32. Kh2 Rbc6 33. Rg4 Kg6 34. g3 hxg3+ 35. Kxg3 Rc5 36. Rf6+ Kh5 37. Re4 Rd5 38. Re3 b5 39. axb5 Rxb5 40. Rf2 a4 41. h4 Rb3 42. hxg5 a3 43. bxa3 Rxa3 44. Kh2 Rcxc3 1/2-1/2

[Event "XXVII. Rhein-Main-Open, Gruppe A"]
[Site "Bad Homburg vor der Höhe"]
[Date "2025.06.19"]
[Round "3.14"]
[White "Busch, Lorenz"]
[Black "Stork, Christopher"]
[Result "1-0"]
[WhiteElo "1972"]
[BlackElo "2132"]
[PlyCount "61"]
[GameId "535116227096"]
[EventDate "2025.06.18"]
[WhiteTeam "SC Bellheim"]
[BlackTeam "SV Oberursel"]

1. e4 c5 2. c3 d5 3. exd5 Qxd5 4. d4 Nc6 5. Nf3 Bg4 6. dxc5 Qxd1+ 7. Kxd1 e6 8. Be3 Nf6 9. Kc2 Bxf3 10. gxf3 Nd5 11. b4 a5 12. b5 Nxe3+ 13. fxe3 Ne5 14. c6 bxc6 15. Nd2 Bc5 16. e4 cxb5 17. Bxb5+ Ke7 18. h3 Be3 19. Nc4 Nxc4 20. Bxc4 Rac8 21. Ba6 Rc5 22. Rab1 Ra8 23. Rb7+ Kf6 24. Bb5 Rg5 25. Rd1 Rg2+ 26. Kb3 Rf2 27. e5+ Kxe5 28. Rxf7 a4+ 29. Bxa4 Rb8+ 30. Kc4 Rxa2 31. f4+ 1-0

[Event "XXVII. Rhein-Main-Open, Gruppe A"]
[Site "Bad Homburg vor der Höhe"]
[Date "2025.06.19"]
[Round "3.15"]
[White "Wolf, Ulrich Martin"]
[Black "Martin, Reiner"]
[Result "1-0"]
[WhiteElo "2152"]
[BlackElo "1969"]
[PlyCount "47"]
[GameId "535116227097"]
[EventDate "2025.06.18"]
[WhiteTeam "SK Bad Homburg 1927"]
[BlackTeam "SC Bad Soden"]

1. d4 Nf6 2. Nf3 c5 3. d5 e6 4. Nc3 exd5 5. Nxd5 Nxd5 6. Qxd5 d6 7. Ng5 Qe7 8. e4 h6 9. Bb5+ Nd7 10. Nf3 a6 11. Bxd7+ Qxd7 12. Bf4 Qe6 13. c4 Qxd5 14. cxd5 Bg4 15. Nd2 g5 16. Bg3 O-O-O 17. O-O b6 18. f3 Bh5 19. a4 Bg6 20. Nc4 Kb7 21. Ra3 f5 22. Rb3 b5 23. axb5 axb5 24. Rxb5+ 1-0

[Event "XXVII. Rhein-Main-Open, Gruppe A"]
[Site "Bad Homburg vor der Höhe"]
[Date "2025.06.19"]
[Round "3.16"]
[White "Gao, Chenzhuo"]
[Black "Lenz, Jonas"]
[Result "1/2-1/2"]
[WhiteElo "1707"]
[BlackElo "2135"]
[PlyCount "104"]
[GameId "535116227098"]
[EventDate "2025.06.18"]
[WhiteTeam "SC Rotenburg"]
[BlackTeam "SK Bad Homburg 1927"]

1. d4 Nf6 2. Nf3 g6 3. c4 Bg7 4. Nc3 d5 5. cxd5 Nxd5 6. e4 Nxc3 7. bxc3 c5 8. h3 O-O 9. Be3 cxd4 10. cxd4 f5 11. Be2 Nc6 12. Qb3+ Kh8 13. Rd1 Qa5+ 14. Bd2 Qb6 15. Bc3 e5 16. d5 fxe4 17. Qxb6 axb6 18. Ng5 Nd4 19. Bc4 b5 20. Bb3 Bd7 21. Nxe4 b6 22. Ng3 Rad8 23. Ne2 Nxb3 24. axb3 Bf5 25. Rd2 Be4 26. Bb4 Rfe8 27. O-O Rxd5 28. Rxd5 Bxd5 29. Nc3 Bxb3 30. Nxb5 Rd8 31. Nc3 Rd4 32. Ba3 Rd3 33. Nb1 Kg8 34. Rc1 Rd1+ 35. Rxd1 Bxd1 36. Nc3 Bb3 37. Kf1 Bf8 38. Bb2 b5 39. Ke2 Bc4+ 40. Kf3 Bc5 41. Ne4 Bd4 42. Bxd4 exd4 43. Kf4 Kf7 44. Ke5 d3 45. Kd4 Ke6 46. g4 h6 47. f4 Kf7 48. Nd6+ Kg7 49. Ne4 h5 50. Kc3 Kf7 51. Nf2 hxg4 52. hxg4 Kf6 1/2-1/2

[Event "XXVII. Rhein-Main-Open, Gruppe A"]
[Site "Bad Homburg vor der Höhe"]
[Date "2025.06.19"]
[Round "3.17"]
[White "Gries, Volker"]
[Black "Derr, Oleg"]
[Result "0-1"]
[WhiteElo "2016"]
[BlackElo "2103"]
[PlyCount "110"]
[GameId "535116227099"]
[EventDate "2025.06.18"]
[WhiteTeam "SV Oberursel"]
[BlackTeam "VSG 1880 Offenbach"]

1. e4 c5 2. Nf3 Nc6 3. Bb5 d6 4. d4 cxd4 5. Qxd4 Bd7 6. Bxc6 bxc6 7. c4 e5 8. Qd3 Nf6 9. Nc3 Qc7 10. Bg5 Be7 11. Rd1 Qb6 12. b3 Rd8 13. O-O Be6 14. h3 O-O 15. Rfe1 h6 16. Be3 Qb8 17. Qe2 Rfe8 18. Bc1 Bf8 19. Nh4 d5 20. exd5 cxd5 21. cxd5 Nxd5 22. Nxd5 Bxd5 23. Nf5 Qc8 24. Ne3 Bb7 25. Rxd8 Rxd8 26. Bb2 Qb8 27. Nf5 f6 28. Rd1 Rxd1+ 29. Qxd1 Qc8 30. Ne3 Kf7 31. Qd3 Qc6 32. Qc3 Qxc3 33. Bxc3 Bc5 34. h4 Ke6 35. Nc4 Ba6 36. Nd2 Bd3 37. g3 Kd5 38. Kg2 g5 39. hxg5 hxg5 40. g4 Bd4 41. Ba5 e4 42. Bb4 Be2 43. f3 exf3+ 44. Nxf3 Bb6 45. Bc3 Ke4 46. Ng1 Bxg4 47. Bxf6 Be3 48. Kf1 Kd3 49. Kg2 Be6 50. Nf3 g4 51. Ne5+ Ke2 52. Ng6 Bf5 53. Nh4 Bb1 54. a3 Bf2 55. Be5 Bxh4 0-1

[Event "XXVII. Rhein-Main-Open, Gruppe A"]
[Site "Bad Homburg vor der Höhe"]
[Date "2025.06.19"]
[Round "3.18"]
[White "Thomas, Tobias"]
[Black "Sasikumar Anitha, Sarvesh"]
[Result "1/2-1/2"]
[WhiteElo "2010"]
[BlackElo "1987"]
[PlyCount "48"]
[GameId "535116227100"]
[EventDate "2025.06.18"]
[WhiteTeam "SK Langen"]
[BlackTeam "SK 1858 Gießen"]

1. c4 c5 2. g3 g6 3. Bg2 Bg7 4. Nc3 Nc6 5. e3 e6 6. Nge2 Nge7 7. O-O O-O 8. d4 cxd4 9. exd4 d5 10. cxd5 exd5 11. Bg5 Be6 12. Nf4 Qd7 13. Nxe6 fxe6 14. Ne2 Nf5 15. Be3 Nxe3 16. fxe3 Rxf1+ 17. Bxf1 Bh6 18. Nf4 Bxf4 19. gxf4 Rf8 20. Bh3 Ne7 21. Rc1 Rc8 22. Rc2 Nf5 23. Bxf5 exf5 24. Rxc8+ Qxc8 1/2-1/2

[Event "XXVII. Rhein-Main-Open, Gruppe A"]
[Site "Bad Homburg vor der Höhe"]
[Date "2025.06.19"]
[Round "3.19"]
[White "Poetsch, Hagen"]
[Black "Rohatgi, Kushagra"]
[Result "1-0"]
[WhiteElo "2490"]
[BlackElo "1771"]
[PlyCount "79"]
[GameId "535116227101"]
[EventDate "2025.06.18"]
[WhiteTeam "SC Heusenstamm"]
[BlackTeam "SAbt TuS Makkabi Ffm"]

1. e4 c6 2. d4 d5 3. e5 Bf5 4. Nf3 e6 5. Be2 Nd7 6. O-O Ne7 7. Nbd2 Bg6 8. Nh4 Nf5 9. Nxg6 hxg6 10. Nf3 Be7 11. Bd3 Nh4 12. Ne1 c5 13. c3 Qb6 14. Nc2 c4 15. Be2 Qd8 16. f4 Nf5 17. g4 Nh4 18. Ne3 Qc7 19. b3 b5 20. a4 bxa4 21. bxc4 dxc4 22. Qxa4 Qb7 23. Qa6 Qe4 24. Qxc4 Nb6 25. Qd3 Qb7 26. Bd2 Nd5 27. Qb5+ Qxb5 28. Bxb5+ Kf8 29. Nxd5 exd5 30. Bc6 Rc8 31. Rxa7 f5 32. g5 Kf7 33. Kf2 Rhf8 34. e6+ Kxe6 35. Re1+ Kd6 36. Rexe7 Kxc6 37. Re6+ Kb5 38. Rb7+ Kc4 39. Ke2 Rfe8 40. Rb4# 1-0

[Event "XXVII. Rhein-Main-Open, Gruppe A"]
[Site "Bad Homburg vor der Höhe"]
[Date "2025.06.19"]
[Round "3.20"]
[White "Hornung, Thomas"]
[Black "Bollmann, Henrik"]
[Result "1/2-1/2"]
[WhiteElo "2001"]
[BlackElo "2109"]
[PlyCount "93"]
[GameId "535116227102"]
[EventDate "2025.06.18"]
[WhiteTeam "SK Eberstadt 1924"]
[BlackTeam "SC Bad Nauheim"]

1. d4 Nf6 2. c4 c5 3. d5 e5 4. Nc3 d6 5. e4 Nbd7 6. g3 g6 7. Bg2 Bg7 8. Nge2 a6 9. a4 O-O 10. O-O Rb8 11. Qc2 Ne8 12. Bd2 b6 13. Rae1 Nc7 14. b3 b5 15. axb5 axb5 16. Nxb5 Nxb5 17. cxb5 Rxb5 18. Nc3 Rb8 19. Rb1 Ba6 20. Rfe1 Qc7 21. Na4 Rfc8 22. Rec1 Qd8 23. h3 Qf8 24. g4 Qd8 25. Bf1 Bxf1 26. Kxf1 Bf6 27. Nb2 Bg5 28. Bxg5 Qxg5 29. Nc4 Qe7 30. Ra1 Nb6 31. Na5 Ra8 32. Nc6 Qb7 33. Qc3 Rxa1 34. Rxa1 Ra8 35. Ra5 Kg7 36. g5 Rxa5 37. Qxa5 h6 38. h4 hxg5 39. hxg5 Kg8 40. Qc3 Qd7 41. Qf3 Nc8 42. Kg2 Na7 43. Nxa7 Qxa7 44. Qf6 Qc7 45. f3 Qd7 46. Kg3 Qc7 47. Kg2 1/2-1/2

[Event "XXVII. Rhein-Main-Open, Gruppe A"]
[Site "Bad Homburg vor der Höhe"]
[Date "2025.06.19"]
[Round "3.21"]
[White "Reschke, Thomas"]
[Black "Schmitt, Carsten"]
[Result "1-0"]
[WhiteElo "2067"]
[BlackElo "1917"]
[PlyCount "61"]
[GameId "535116227103"]
[EventDate "2025.06.18"]
[WhiteTeam "SC Frankfurt-West"]
[BlackTeam "SV Bergwinkel"]

1. c4 Nf6 2. g3 e6 3. Nf3 d5 4. b3 d4 5. Bb2 c5 6. b4 b6 7. Nxd4 Bb7 8. Nf3 cxb4 9. Bg2 Be7 10. O-O O-O 11. Qc2 Nbd7 12. d4 Qc7 13. Nbd2 Rac8 14. Rac1 Rfd8 15. Qb1 Qb8 16. Rfe1 e5 17. dxe5 Ng4 18. Bh3 Ngxe5 19. Nxe5 Nxe5 20. Bxc8 Qxc8 21. Bxe5 Rxd2 22. Rcd1 Qh3 23. e4 Rxf2 24. Kxf2 Qxh2+ 25. Ke3 Bc5+ 26. Kd3 Qf2 27. Qc2 Qf3+ 28. Kd2 f6 29. Bf4 Bd4 30. Qd3 Bc3+ 31. Kc1 1-0

[Event "XXVII. Rhein-Main-Open, Gruppe A"]
[Site "Bad Homburg vor der Höhe"]
[Date "2025.06.19"]
[Round "3.22"]
[White "Sreeramulu, Aarush"]
[Black "Kuban, Günther"]
[Result "1-0"]
[WhiteElo "2032"]
[BlackElo "2084"]
[PlyCount "73"]
[GameId "535116227104"]
[EventDate "2025.06.18"]
[WhiteTeam "SK Marburg 1931/72"]
[BlackTeam "Königsspringer Karben"]

1. d4 d5 2. c4 c6 3. Nc3 e6 4. cxd5 exd5 5. Bf4 Bd6 6. Bxd6 Qxd6 7. e3 Ne7 8. Bd3 Bf5 9. Nf3 O-O 10. O-O Nd7 11. Rb1 h6 12. Bxf5 Nxf5 13. Qd3 Qg6 14. b4 b5 15. a4 bxa4 16. Nxa4 Nh4 17. Qxg6 Nxf3+ 18. gxf3 fxg6 19. f4 Rfb8 20. Rfc1 Nb6 21. Nb2 a5 22. bxa5 Rxa5 23. Nd3 Rb5 24. Ne5 Nc4 25. Rxb5 cxb5 26. Nxg6 Kf7 27. Ne5+ Nxe5 28. fxe5 b4 29. Rb1 Ke6 30. Kf1 Kf5 31. Ke2 Kg4 32. Rb3 g5 33. Rb2 Kh3 34. e4 dxe4 35. Ke3 Kxh2 36. d5 Kg1 37. e6 1-0

[Event "XXVII. Rhein-Main-Open, Gruppe A"]
[Site "Bad Homburg vor der Höhe"]
[Date "2025.06.19"]
[Round "3.23"]
[White "Dornblüth, Christian"]
[Black "Mandalka, Justus"]
[Result "0-1"]
[WhiteElo "1945"]
[BlackElo "2076"]
[PlyCount "106"]
[GameId "535116227105"]
[EventDate "2025.06.18"]
[WhiteTeam "SF Heidelberg"]
[BlackTeam "SK Bad Homburg 1927"]

1. d4 d5 2. c4 e6 3. Nc3 c5 4. cxd5 exd5 5. Nf3 Nc6 6. g3 Nf6 7. Bg2 cxd4 8. Nxd4 Bc5 9. Nxc6 bxc6 10. O-O O-O 11. Na4 Bb6 12. b4 Re8 13. Bb2 Ba6 14. Bf3 Ne4 15. Nxb6 Qxb6 16. Qd4 f6 17. Rac1 Rab8 18. a3 Bb5 19. Rfe1 Ng5 20. Kg2 Qxd4 21. Bxd4 Ne6 22. e3 Kf7 23. Bg4 Nxd4 24. exd4 a5 25. bxa5 Ra8 26. Bd7 Rxe1 27. Rxe1 Rxa5 28. Be8+ Kf8 29. Re6 Rxa3 30. Bxc6 Bxc6 31. Rxc6 Rd3 32. Rc7 Rxd4 33. Kf3 Re4 34. Rd7 Re5 35. h4 h5 36. Kg2 g5 37. f3 Ke8 38. Ra7 gxh4 39. gxh4 d4 40. Kf2 d3 41. Ra2 Rd5 42. Ke3 Ke7 43. Rd2 Ke6 44. Rxd3 Rxd3+ 45. Kxd3 Kf5 46. Ke3 Ke5 47. f4+ Kd5 48. Kd3 f5 49. Ke3 Kc4 50. Kf2 Kd4 51. Kf3 Kd3 52. Kg2 Ke4 53. Kg3 Ke3 0-1

[Event "XXVII. Rhein-Main-Open, Gruppe A"]
[Site "Bad Homburg vor der Höhe"]
[Date "2025.06.19"]
[Round "3.24"]
[White "Bezsonna, Polina"]
[Black "McAdam, Mark"]
[Result "1-0"]
[WhiteElo "1972"]
[BlackElo "2008"]
[PlyCount "71"]
[GameId "535116227106"]
[EventDate "2025.06.18"]
[WhiteTeam "SK Bad Homburg 1927"]
[BlackTeam "SC Brett vorm Kopp Ffm"]

1. e4 c6 2. d4 d5 3. e5 Bf5 4. h4 h5 5. Bd3 Bxd3 6. Qxd3 Qa5+ 7. Nd2 e6 8. Ngf3 Nh6 9. O-O Nf5 10. c4 Qa6 11. Qc2 dxc4 12. Nxc4 Nd7 13. Ne3 g6 14. Nxf5 gxf5 15. Bg5 Qa5 16. Rfd1 Be7 17. a3 Bxg5 18. Nxg5 Nb6 19. Rac1 Rd8 20. Nf3 Rg8 21. Ng5 Nd5 22. Qb3 Qb6 23. Qf3 Rh8 24. b4 Ne7 25. Rc5 Rd5 26. Qe3 Qd8 27. Rd3 Ng6 28. g3 Rg8 29. Nh7 f4 30. Qe4 f5 31. exf6 Kd7 32. f7 Rg7 33. Qxg6 Rxg6 34. f8=Q Kc8 35. Rxd5 exd5 36. Qf5+ 1-0

[Event "XXVII. Rhein-Main-Open, Gruppe A"]
[Site "Bad Homburg vor der Höhe"]
[Date "2025.06.19"]
[Round "3.25"]
[White "Nickel, Jonas"]
[Black "Kuhn, Gerhard"]
[Result "1/2-1/2"]
[WhiteElo "1926"]
[BlackElo "2033"]
[PlyCount "73"]
[GameId "535116227107"]
[EventDate "2025.06.18"]
[WhiteTeam "Schachdrachen Büdingen-Wächtersb"]
[BlackTeam "SK Marburg 1931/72"]

1. d4 Nf6 2. Bf4 d5 3. e3 e6 4. Nf3 c5 5. c3 Nc6 6. Nbd2 Qb6 7. Qb3 Bd7 8. Be2 Be7 9. dxc5 Bxc5 10. O-O O-O 11. Qxb6 Bxb6 12. Ne5 Nxe5 13. Bxe5 Rac8 14. Rac1 Rfd8 15. Rfd1 Be8 16. Bd4 Bc7 17. Bxf6 gxf6 18. c4 dxc4 19. Nxc4 Rxd1+ 20. Rxd1 Kf8 21. b3 Ke7 22. Bf3 b5 23. Nb2 Bd6 24. Be4 Ba3 25. Nd3 f5 26. Bf3 a5 27. Rd2 f6 28. g3 Rd8 29. Be2 Rc8 30. Bf3 e5 31. Be2 Rc3 32. Ne1 Rc1 33. Rd1 Rc7 34. Kg2 Bd6 35. Bd3 Ke6 36. Bxf5+ Kxf5 37. Rxd6 1/2-1/2

[Event "XXVII. Rhein-Main-Open, Gruppe A"]
[Site "Bad Homburg vor der Höhe"]
[Date "2025.06.19"]
[Round "3.26"]
[White "Fucik, Timo"]
[Black "Shanawaz Thabrez, Shahzaib"]
[Result "1/2-1/2"]
[WhiteElo "1940"]
[BlackElo "1884"]
[PlyCount "165"]
[GameId "535116227108"]
[EventDate "2025.06.18"]
[WhiteTeam "SK 1926 Ettlingen"]
[BlackTeam "SK Langen"]

1. d4 Nf6 2. Bg5 d5 3. Bxf6 exf6 4. e3 Bf5 5. c4 Bb4+ 6. Nc3 O-O 7. Qb3 Bxc3+ 8. bxc3 dxc4 9. Bxc4 Nd7 10. Nf3 Nb6 11. Be2 Qe7 12. O-O c6 13. c4 Rad8 14. a4 Rfe8 15. Rfd1 Nc8 16. c5 Qd7 17. Nd2 Be6 18. Bc4 h5 19. a5 h4 20. Bxe6 fxe6 21. h3 a6 22. Rab1 Re7 23. Rb2 Qe8 24. Nc4 g5 25. Rdb1 Rdd7 26. Qc3 Qf7 27. Rd2 Qg7 28. e4 g4 29. Rbd1 Qg6 30. Qe3 Rg7 31. hxg4 Qxg4 32. f3 Qg6 33. Qf4 h3 34. g4 Rd8 35. Qg3 Rh7 36. Kh2 Qf7 37. Rd3 Kf8 38. e5 f5 39. Rb3 Rd7 40. Rbd3 Ke8 41. Rg1 Kd8 42. f4 Kc7 43. g5 Qg6 44. Qf3 Rh4 45. Rg3 Rdh7 46. Rb3 Rg4 47. Qf1 Rhh4 48. Rbf3 Qh5 49. Ne3 Rxg3 50. Rxg3 Ne7 51. Qf3 Qh7 52. Rxh3 Ng6 53. Ng2 Rxh3+ 54. Qxh3 Qxh3+ 55. Kxh3 Kd7 56. Kg3 Ke8 57. Nh4 Ne7 58. Nf3 Ng6 59. Nd2 Kd7 60. Nc4 Kc7 61. Nd6 Kb8 62. Kf3 Kc7 63. Kg3 Kb8 64. Ne8 Kc8 65. Nd6+ Kc7 66. Nc4 Kd7 67. Kf3 Kc7 68. Ne3 Kd7 69. Kg3 Ke8 70. Nc4 Kd7 71. Nb6+ Kc7 72. Na4 Kd8 73. Nc3 Kd7 74. Nd1 Ke7 75. Ne3 Ke8 76. Ng2 Kf7 77. Kf2 Ke7 78. Kg1 Ke8 79. Kh2 Ke7 80. Kh3 Ke8 81. Kg3 Kf7 82. Nh4 Ne7 83. g6+ 1/2-1/2

[Event "XXVII. Rhein-Main-Open, Gruppe A"]
[Site "Bad Homburg vor der Höhe"]
[Date "2025.06.19"]
[Round "3.27"]
[White "Fang, Borui"]
[Black "Steigleder, Maximilian"]
[Result "1-0"]
[WhiteElo "1857"]
[BlackElo "1930"]
[PlyCount "81"]
[GameId "535116227109"]
[EventDate "2025.06.18"]
[WhiteTeam "SV Oberursel"]
[BlackTeam "Sfr.1932 Kelkheim"]

1. e4 c5 2. d3 Nf6 3. g3 Nc6 4. Bg2 g6 5. Nc3 Bg7 6. Nge2 Rb8 7. Be3 d6 8. h3 b5 9. Qd2 h5 10. f4 b4 11. Nd1 Bb7 12. O-O O-O 13. Nf2 Qb6 14. g4 hxg4 15. hxg4 Bc8 16. Bf3 Nd4 17. Bxd4 cxd4 18. g5 Ne8 19. Kg2 Nc7 20. Rh1 Qc5 21. Ng4 Rd8 22. Qe1 a5 23. Qh4 a4 24. Qh7+ Kf8 25. Nh6 Ke8 26. Qxg7 Be6 27. Nxf7 Kd7 28. Nxd8 Rxd8 29. Rh7 Re8 30. Qxd4 Qxc2 31. Rc1 Qd2 32. Qb6 Rc8 33. Qc6+ Kd8 34. Rh8+ Bg8 35. Bg4 e6 36. Qxd6+ Ke8 37. Rxg8+ Kf7 38. Rxc7+ Kxg8 39. Qxe6+ Kh8 40. Qf6+ Kg8 41. Be6# 1-0

[Event "XXVII. Rhein-Main-Open, Gruppe A"]
[Site "Bad Homburg vor der Höhe"]
[Date "2025.06.19"]
[Round "3.28"]
[White "Novak, Volker"]
[Black "Glasschröder, Maximilian"]
[Result "1-0"]
[WhiteElo "2096"]
[BlackElo "1938"]
[PlyCount "51"]
[GameId "535116227110"]
[EventDate "2025.06.18"]
[WhiteTeam "SK Bad Homburg 1927"]
[BlackTeam "SK Weilheim e.V."]

1. Nf3 c5 2. c4 g6 3. d4 cxd4 4. Nxd4 Bg7 5. e4 Nc6 6. Be3 Nf6 7. Nc3 O-O 8. Be2 d6 9. O-O Bd7 10. Qd2 Nxd4 11. Bxd4 Bc6 12. f3 a5 13. Be3 Nd7 14. Rab1 Nc5 15. b3 Be5 16. Bh6 Re8 17. Nd1 e6 18. Nf2 Qb6 19. Be3 Qb4 20. Qc1 a4 21. Bd2 Qb6 22. b4 Qc7 23. bxc5 dxc5 24. f4 Bg7 25. Be3 b6 26. Bf3 1-0

[Event "XXVII. Rhein-Main-Open, Gruppe A"]
[Site "Bad Homburg vor der Höhe"]
[Date "2025.06.19"]
[Round "3.29"]
[White "Spiegelberg, Silvia"]
[Black "Hipler, Andreas"]
[Result "1-0"]
[WhiteElo "1976"]
[BlackElo "1890"]
[PlyCount "67"]
[GameId "535116227111"]
[EventDate "2025.06.18"]
[WhiteTeam "SF Sasbach e.V."]
[BlackTeam "SK Gau-Algesheim"]

1. e4 c6 2. c4 d5 3. exd5 cxd5 4. cxd5 Nf6 5. Nc3 Nxd5 6. Nf3 Nc6 7. Bb5 Nxc3 8. bxc3 Bd7 9. O-O g6 10. Re1 a6 11. Ba4 b5 12. Bb3 Bg7 13. d4 O-O 14. Bg5 Re8 15. Qd2 Na5 16. Bh6 Rc8 17. Bxg7 Kxg7 18. Ne5 Nxb3 19. axb3 Be6 20. Rxa6 Bxb3 21. Ng4 Kh8 22. Qg5 Rxc3 23. Qe5+ f6 24. Nxf6 exf6 25. Qxe8+ Qxe8 26. Rxe8+ Kg7 27. h3 Rc7 28. Rd8 Kf7 29. g4 Kg7 30. d5 Rf7 31. d6 Be6 32. Rb6 Kh6 33. Rxb5 f5 34. Re5 1-0

[Event "XXVII. Rhein-Main-Open, Gruppe A"]
[Site "Bad Homburg vor der Höhe"]
[Date "2025.06.19"]
[Round "3.31"]
[White "von Auer, Ulrich"]
[Black "Hornung, Fabian"]
[Result "1/2-1/2"]
[WhiteElo "1980"]
[BlackElo "1854"]
[PlyCount "34"]
[GameId "535116227113"]
[EventDate "2025.06.18"]
[WhiteTeam "SV Oberursel"]
[BlackTeam "SK Gernsbach 1949"]

1. d4 d5 2. c4 e6 3. Nf3 Nf6 4. g3 Be7 5. Bg2 c6 6. O-O O-O 7. Qc2 b6 8. b3 Bb7 9. Rd1 Na6 10. Nc3 c5 11. cxd5 Nb4 12. Qb2 Nfxd5 13. dxc5 Bf6 14. Bd2 bxc5 15. e4 Nd3 16. Qc2 N3b4 17. Qc1 Nd3 1/2-1/2

[Event "XXVII. Rhein-Main-Open, Gruppe A"]
[Site "Bad Homburg vor der Höhe"]
[Date "2025.06.19"]
[Round "3.32"]
[White "Kupke, Jonas"]
[Black "Faqiry, Ramat"]
[Result "0-1"]
[WhiteElo "1807"]
[BlackElo "1985"]
[PlyCount "50"]
[GameId "535116227114"]
[EventDate "2025.06.18"]
[WhiteTeam "Wiesbadener SV 1885"]
[BlackTeam "SK Bad Homburg 1927"]

1. d4 d6 2. e4 g6 3. Nc3 Bg7 4. Be3 Nf6 5. Qd2 c6 6. f3 b5 7. g4 h5 8. g5 Nfd7 9. Bd3 e5 10. d5 b4 11. dxc6 bxc3 12. cxd7+ Bxd7 13. Qxc3 Nc6 14. Ne2 O-O 15. Qa3 Be6 16. O-O-O Nd4 17. Nxd4 exd4 18. Bd2 a5 19. h4 Qb6 20. Qa4 Rfb8 21. b3 Ra7 22. Be1 Bd7 23. Qc4 Rc8 24. Qd5 Rc5 25. Bxa5 Raxa5 0-1

[Event "XXVII. Rhein-Main-Open, Gruppe A"]
[Site "Bad Homburg vor der Höhe"]
[Date "2025.06.19"]
[Round "3.33"]
[White "Hasenpflug, Till"]
[Black "Griesfeller, Sven"]
[Result "1-0"]
[WhiteElo "1810"]
[BlackElo "1875"]
[PlyCount "77"]
[GameId "535116227115"]
[EventDate "2025.06.18"]
[WhiteTeam "SK Bad Homburg 1927"]
[BlackTeam "Schachdrachen Büdingen-Wächtersb"]

1. e4 e5 2. Nf3 Nc6 3. Bc4 Bc5 4. O-O Nf6 5. d4 Bxd4 6. Nxd4 Nxd4 7. Bg5 Ne6 8. Bxe6 dxe6 9. Qxd8+ Kxd8 10. f4 Ke8 11. Bxf6 gxf6 12. Nd2 Bd7 13. fxe5 fxe5 14. Rf6 Ke7 15. Raf1 Raf8 16. R1f2 Bb5 17. c4 Bc6 18. c5 Bb5 19. a4 Bxa4 20. Nc4 Rhg8 21. Nxe5 Be8 22. h4 Rg7 23. g4 Bc6 24. Nxc6+ bxc6 25. g5 h6 26. Rxh6 f5 27. exf5 exf5 28. Rxc6 Kd7 29. Ra6 Rh8 30. Rd2+ Kc8 31. Ra4 Kb7 32. Kg2 Re7 33. Kf3 Re1 34. Rg2 Rf1+ 35. Kg3 f4+ 36. Rxf4 Rxf4 37. Kxf4 Rxh4+ 38. Ke5 Kc8 39. g6 1-0

[Event "XXVII. Rhein-Main-Open, Gruppe A"]
[Site "Bad Homburg vor der Höhe"]
[Date "2025.06.19"]
[Round "3.34"]
[White "Fallouh, Philippe"]
[Black "Krychevskiy, Dmytro"]
[Result "0-1"]
[WhiteElo "1778"]
[BlackElo "1942"]
[PlyCount "90"]
[GameId "535116227116"]
[EventDate "2025.06.18"]
[WhiteTeam "SK Bad Homburg 1927"]
[BlackTeam "SV Oberursel"]

1. d4 Nf6 2. e3 e6 3. Bd3 b6 4. Nf3 Bb7 5. Nbd2 Be7 6. O-O d6 7. b3 Nbd7 8. Bb2 a6 9. Qe2 Nf8 10. e4 Ng6 11. g3 Qd7 12. Nc4 O-O 13. e5 Nd5 14. Be4 Rab8 15. Rfe1 Rfd8 16. Rad1 Qc8 17. h4 Ba8 18. h5 Nf8 19. Ncd2 b5 20. c4 bxc4 21. Nxc4 Rb5 22. g4 Nf4 23. Qe3 Nh3+ 24. Kg2 Bxe4 25. Kxh3 Bd5 26. Ncd2 Qa8 27. Rg1 Nd7 28. g5 g6 29. Rg4 dxe5 30. hxg6 fxg6 31. Ne4 Rf8 32. Rd3 Rf4 33. Nfd2 Qf8 34. f3 Rb8 35. Kg3 Rf5 36. dxe5 Nxe5 37. Bxe5 Rxe5 38. Qd4 Rf5 39. Rc3 Rb4 40. Qd3 Qg7 41. Rc1 Qe5+ 42. f4 Bxe4 43. fxe5 Bxd3 44. Rxc7 Rxg4+ 45. Kxg4 Bxg5 0-1

[Event "XXVII. Rhein-Main-Open, Gruppe A"]
[Site "Bad Homburg vor der Höhe"]
[Date "2025.06.19"]
[Round "3.35"]
[White "Marchese, Gaspare"]
[Black "von Wahden, Jens"]
[Result "0-1"]
[WhiteElo "1869"]
[BlackElo "1952"]
[PlyCount "92"]
[GameId "535116227117"]
[EventDate "2025.06.18"]
[WhiteTeam "SC Matt im Park Ffm"]
[BlackTeam "SV Oberursel"]

1. e4 e6 2. d4 d5 3. Nc3 Nf6 4. e5 Nfd7 5. Nf3 c5 6. dxc5 Bxc5 7. Bd3 Nc6 8. Qe2 Be7 9. h4 Nc5 10. Bf4 a6 11. a3 Bd7 12. Kf1 Rc8 13. Bg5 Nxd3 14. cxd3 O-O 15. Rh3 f6 16. exf6 Bxf6 17. Rg3 Kh8 18. Kg1 h6 19. Re1 hxg5 20. hxg5 Bxc3 21. Rh3+ Kg8 22. bxc3 Rf5 23. g4 Rf4 24. Rg3 Qe7 25. Ne5 Nxe5 26. Qxe5 Qf7 27. g6 Qf6 28. Qh5 Be8 29. Qh7+ Kf8 30. Qh8+ Ke7 31. Rge3 Rxg4+ 32. Kf1 Bd7 33. Rxe6+ Bxe6 34. Qxc8 Rxg6 35. Qxb7+ Kf8 36. Qb8+ Kf7 37. Rb1 Bh3+ 38. Ke2 Bg4+ 39. Kf1 Bh3+ 40. Ke2 Bg4+ 41. Kf1 Rh6 42. Rb7+ Kg6 43. Rb6 Be6 44. Qe8+ Kh7 45. Rb8 Rh1+ 46. Kg2 Bh3+ 0-1